000 00381nam a2200157Ia 4500
001 27793
008 140414s9999 xx 000 0 und d
040 _cPK-LaUMT
082 _a 155.9042
_bKAS-T
100 _aKashif Fraz Ahmed
245 _aTension (Urdu)
_cKashif Fraz Ahmed
260 _aLahore,Pakistan:
_bTakhleqaat,
_c1998
300 _a148 p.
546 _aUR
942 _cBK
999 _c27926
_d27926